Catálogo
 En Linea

Enseñando a Jesucristo todos los días casa por casa : (Registro nro. 33753)

Detalles MARC
000 -CABECERA
campo de control de longitud fija 00574nam a2200157 a 4500
001 - NÚMERO DE CONTROL
campo de control 000034262
005 - FECHA Y HORA DE LA ÚLTIMA TRANSACCIÓN
campo de control 20200930070920.0
008 - DATOS DE LONGITUD FIJA--INFORMACIÓN GENERAL
campo de control de longitud fija 110929s2004 xxu 000 0 spa d
040 ## - FUENTE DE LA CATALOGACIÓN
Centro catalogador/agencia de origen DO-SdBNP
Lengua de catalogación spa
Centro/agencia transcriptor BNPHU
049 ## - FONDOS LOCALES (OCLC)
Fondos de biblioteca BNPD
100 1# - ENTRADA PRINCIPAL--NOMBRE DE PERSONA
Nombre de persona Reyes, Porfirio
9 (RLIN) 1444
245 10 - MENCIÓN DE TÍTULO
Título Enseñando a Jesucristo todos los días casa por casa :
Resto del título curso elemental de discipulado en hogares /
Mención de responsabilidad, etc. Porfirio Reyes ; prólogo José Luis Ponce González.
260 ## - PUBLICACIÓN, DISTRIBUCIÓN, ETC.
Lugar de publicación, distribución, etc. New York :
Nombre del editor, distribuidor, etc. Operación Samaria,
Fecha de publicación, distribución, etc. 21 cm.
300 ## - DESCRIPCIÓN FÍSICA
Extensión 86 p. ;
Dimensiones 22 cm.
700 1# - PUNTO DE ACCESO ADICIONAL--NOMBRE DE PERSONA
Nombre de persona Ponce González, José Luis
Término indicativo de función/relación pról.
9 (RLIN) 59682
Existencias
Estado de retiro Estado de pérdida Restricciones de uso No para préstamo Código de colección Localización permanente Ubicación/localización actual Ubicación en estantería Fecha de adquisición Número de inventario Total de préstamos Signatura topográfica completa Código de barras Fecha visto por última vez Precio válido a partir de Tipo de ítem Koha
      Excluido de préstamo Monografías: Libros y Folletos General General En catalogación 29.09.2011 LF1   34262-10 25.06.2020 25.06.2020 No se presta

Con tecnología Koha